| 000 | 00940nam a22002177a 4500 | ||
|---|---|---|---|
| 003 | BUBTL | ||
| 008 | 211214b ||||| |||| 00| 0 eng d | ||
| 020 | _a9789849224426 | ||
| 082 | _a954.925/ Is41s/ 1996 | ||
| 100 |
_92294 _aইসলাম, রফিকুল |
||
| 245 |
_aশেখ মুজিব ও স্বাধীনতা সংগ্রাম / _cরফিকুল ইসলাম |
||
| 250 | _a1st Edn. | ||
| 260 |
_aঢাকা : _bকাকলী প্রকাশনী, _cc1996 |
||
| 300 |
_a575 p.: _c22 cm. |
||
| 505 | _aশেখ মুজিব, স্বাধীনতা সংগ্রাম, শেখ মুজিব ও স্বাধীনতা সংগ্রাম, রফিকুল ইসলাম, Bangabandhu | ||
| 650 | 0 |
_93574 _aবঙ্গবন্ধু |
|
| 650 | 0 |
_94372 _aBangabandhu |
|
| 856 |
_k0 _l0 _yDownload |
||
| 942 |
_2ddc _cBK |
||
| 999 |
_c6619 _d6619 |
||